| 000 | 00461pam a2200181 a 4500 | ||
|---|---|---|---|
| 020 |
_a044303365 _c9304.87 |
||
| 041 |
_aeng _hNULL |
||
| 082 |
_a617.375 _bGRI |
||
| 100 | _aCRIEVE, G . | ||
| 245 |
_aCOMMON VERTEBRAL JOINT PROBLEMS / _cNULL. _hTextual Documents |
||
| 250 |
_a2 / _b. |
||
| 260 |
_aNULL : _bCHURCHILL LIV , _c1998. |
||
| 300 |
_a787 : _bXVI ; _cA4 . |
||
| 365 | _a9304.87 | ||
| 930 | _a2691 | ||
| 999 |
_c797226 _d797226 |
||
| 650 | _aORTHO | ||